| 000 | 00978nam a22002057a 4500 | ||
|---|---|---|---|
| 999 |
_c6587 _d6587 |
||
| 003 | AR-CdUCM | ||
| 008 | 190318b ||||| |||| 00| 0 spa d | ||
| 040 |
_aMUNICIPALIDAD PROVINCIAL DEL CUSCO _cBIBLIOTECA MUNICIPAL DEL CUSCO |
||
| 082 |
_a086.985 / _bAU88 |
||
| 110 |
_aEditorial Ausonia _944051 |
||
| 245 | _aHistoria marítima del Perú / | ||
| 260 |
_aLima : _bAusonia, |
||
| 300 |
_a7 tomos ; _c25 cm. |
||
| 505 | _aContenido : t.1: v.1 y v.2.- el mar gran personaje -- Geografía y geología -- Oceanografía -- Biología -- t.2: v.1 y v.2.- Época prehistorica -- t.3: v.1 y v.2.- Siglo XVI historia interna y externa -- t.4: v.1 y v.2.- Siglo XVI, XVII Y XVII -- t.5: v.1 y v.2.- Epoca de la independencia -- 1980-1862 -- t.7: v.1 y v.2.- La intervención de las potencias europeas en Latinoamerica 1864-1868. | ||
| 650 |
_aFitogeografía _918546 |
||
| 650 |
_aGeografía del Perú _98049 |
||
| 650 |
_aHistoria naval _918547 |
||
| 942 |
_2ddc _cLIBROS |
||
| 945 | _arum | ||